| 000 | 00527nam a2200181Ia 4500 | ||
|---|---|---|---|
| 008 | 240925s9999 xx 000 0 und d | ||
| 020 | _a9789332575776 | ||
| 082 | _a005.43 TAN | ||
| 100 | _aTanenbaum, Andrew S.; Bos, Herbert | ||
| 245 | 0 | _aModern Operating Systems | |
| 250 | _a4th | ||
| 260 |
_aUttar Pradesh: _bPearson Education Inc _c,2016. |
||
| 300 |
_aVarious pages _b0 _fOriginal |
||
| 500 | _aIncludes Index | ||
| 600 | _aComputer Science | ||
| 650 | _aComputer science, information & general works | ||
| 942 | _cBK | ||
| 999 |
_c13903 _d13903 |
||